{"text_format":"3","workbook":"xlsx","n_sheets":4,"sheets":["8 кл","9 кл","10 кл","11 кл"],"not_rendered":{"defined_names":4},"read":"whole","date_system":"1900"}

{"sheet":"8 кл","index":0,"n_rows":29,"n_cols":15,"rows_kept":29,"merged":[[0,0,0,14]]}
["Протокол по итогам муниципального этапа ВсОШ по предмету \"Геология\" Нижнекамского муниципального района 2021-2022 учебный год"]
["№","Фамилия","Имя","Отчество","Пол","Участник с ОВЗ (да/нет)","Класс обучения","Класс участия","Балл","Добавлено баллов по итогам апелляции","Итоговый балл","Максимальный балл","Статус","Призёр республиканского этапа прошлого года","ФИО учителя"]
[1,"Хамидуллин","Райнур","Ринатович","М","нет",8,8,69,null,null,100,null,"нет","Касимова Рамзия Мидхатовна"]
[2,"Савельев","Захар","Антонович","М","нет",7,8,67,null,null,100,null,"нет","Латыпова Лилия ЗахраповнаМБОУ \"Гимназия №22\""]
[3,"Александров","Егор","Алексеевич","М","нет",8,8,66,null,null,100,null,"нет","Ахтямзянова Альфия Гилимулловна"]
[4,"Балашова","Елизавета","Дмитриевна","Ж","нет",8,8,66,null,null,100,null,"нет","Ахтямзянова Альфия Гилимулловна"]
[5,"Зиятдинов","Амир","Маратович","М","нет",8,8,66,null,null,100,null,"нет","Ахтямзянова Альфия Гилимулловна"]
[6,"Ирин","Матвей","Сергеевич","М","нет",8,8,66,null,null,100,null,"нет","Ахтямзянова Альфия Гилимулловна"]
[7,"Тараненко","Даниил","Николаевич","М","нет",8,8,66,null,null,100,null,"нет","Ахтямзянова Альфия Гилимулловна"]
[8,"Мавликова","Самира","Руслановна","Ж","нет",8,8,61,null,null,100,null,"нет","Дорофеева Ирина Вкторовна"]
[9,"Амерьянова","Виктория","Павловна","Ж","нет",8,8,58,null,null,100,null,"нет","Галлямова Елена Михайловна"]
[10,"Закирова","Алия","Анасовна","Ж","нет",8,8,58,null,null,100,null,"нет","Ахтямзянова Альфия Гилимулловна"]
[11,"Гарипов","Амир","Булатович","М","нет",8,8,55,null,null,100,null,"нет","Латыпова Лилия ЗахраповнаМБОУ \"Гимназия №22\""]
[12,"Калинин","Николай ","Григорьевич","М","нет",8,8,55,null,null,100,null,"нет","Ахтямзянова Альфия Гилимулловна"]
[13,"Матросов","Роман","Сергеевич","М","нет",8,8,53,null,null,100,null,"нет","Малова Ольга Николаевна"]
[14,"Чекашов","Алексей","Анатольевич","М","нет",8,8,53,null,null,100,null,"нет","Кравченко Надежда Константиновна"]
[15,"Гиматдинов","Нияз","Маратович","М","нет",8,8,50,null,null,100,null,"нет","Удалова Елена владимировна"]
[16,"Хуснуллин","Адель","Ильнурович","М","нет",8,8,50,null,null,100,null,"нет","Ахтямзянова Альфия Гилимулловна"]
[17,"Ефремов","Александр","Сергеевич","М","нет",8,8,48,null,null,100,null,"нет","Саушкина Наталья Владимировна"]
[18,"Алиева","Камила","Евгеньевна","Ж","нет",7,8,47,null,null,100,null,"нет","Латыпова Лилия ЗахраповнаМБОУ \"Гимназия №22\""]
[19,"Мингазов","Айрат","Азатович","М","нет",8,8,45,null,null,100,null,"нет","Капёрская Ольга Викторовна"]
[20,"Пирогов","Илья","Андреевич","М","нет",8,8,45,null,null,100,null,"нет","Капёрская Ольга Викторовна"]
[21,"Аскарова","Алсу","Азатовна","Ж","нет",8,8,42,null,null,100,null,"нет","Галлямова Елена Михайловна"]
[22,"Резцов","Илья","Андреевич","М","нет",8,8,42,null,null,100,null,"нет","Фахриева Гаухария Галимзяновна"]
[23,"Божкова","Виктория","Денисовна","Ж","нет",8,8,37,null,null,100,null,"нет","Кравченко Надежда Константиновна"]
[24,"Гайфутдинова","Айсылу","Айратовна","Ж","нет",8,8,37,null,null,100,null,"нет","Кравченко Надежда Константиновна"]
[25,"Николаев","Владислав","Юрьевич","М","нет",8,8,34,null,null,100,null,"нет","Николаева Ирина Владимировна"]
[26,"Шарифуллин","Альмир","Рафисович","М","нет",8,8,26,null,null,100,null,"нет","Фомина Татьяна Георгиевна"]
[27,"Муртазин ","Амир","Дамирович","М","нет",7,8,8,null,null,100,null,"нет","Деева Рамзия Ахметовна"]

{"sheet":"9 кл","index":1,"n_rows":11,"n_cols":15,"rows_kept":11,"merged":[[0,0,0,14]]}
["Протокол по итогам муниципального этапа ВсОШ по предмету \"Геология\" Нижнекамского муниципального района 2021-2022 учебный год"]
["№","Фамилия","Имя","Отчество","Пол","Участник с ОВЗ (да/нет)","Класс обучения","Класс участия","Балл","Добавлено баллов по итогам апелляции","Итоговый балл","Максимальный балл","Статус","Призёр республиканского этапа прошлого года","ФИО учителя"]
[1,"Мясников","Максим","Игоревич","М","нет",9,9,87,null,null,100,null,"да","Сагдиева Физуня Мустакимовна"]
[2,"Гайсарова","Арина","Денисовна","Ж","нет",9,9,85,null,null,100,null,"да","Латыпова Лилия Захраповна"]
[3,"Ишмуратова","Иделия","Ильсуровна","Ж","нет",9,9,84,null,null,100,null,"нет","Сагдиева Физуня Мустакимовна"]
[4,"Файзутдинова","Эвелина","Марселевна","Ж","нет",9,9,55,null,null,100,null,"нет","Капёрская Ольга Викторовна"]
[5,"Валиев","Айбулат","Дамирович","М","нет",9,9,47,null,null,100,null,"нет","Саушкина Наталья Владимировна"]
[6,"Хасанов","Айнур","Айдарович","М","нет",9,9,27,null,null,100,null,"нет","Капёрская Ольга Викторовна"]
[7,"Гатин","Кирилл","Артемович","М","нет",9,9,25.5,null,null,100,null,"нет","Фахриева Гаухария Галимзяновна"]
[8,"Петров","Дмитрий","Александрович","М","нет",9,9,24,null,null,100,null,"нет","Лихманова Надежда Владимировна"]
[9,"Фролов","Данил","Валерьевич","М","нет",9,9,21,null,null,100,null,"нет","Малова Ольга Николаевна"]

{"sheet":"10 кл","index":2,"n_rows":12,"n_cols":15,"rows_kept":12,"merged":[[0,0,0,14]]}
["Протокол по итогам муниципального этапа ВсОШ по предмету \"Геология\" Нижнекамского муниципального района 2021-2022 учебный год"]
["№","Фамилия","Имя","Отчество","Пол","Участник с ОВЗ (да/нет)","Класс обучения","Класс участия","Балл","Добавлено баллов по итогам апелляции","Итоговый балл","Максимальный балл","Статус","Призёр республиканского этапа прошлого года","ФИО учителя"]
[1,"Бутаев","Дмитрий","Антонович","М","нет",10,10,100,null,null,100,null,"да","Ахтямзянова Альфия Гилимулловна"]
[2,"Фаттахова","Элла","Альфредовна","Ж","нет",10,10,81,null,null,100,null,"нет","Сагдиева Физуня Мустакимовна"]
[3,"Мухаметшин","Булат","Шавкатович","М","нет",10,10,65.5,null,null,100,null,"нет","Латыпова Лилия Захраповна"]
[4,"Закиров ","Максим","Артемович","М","нет",10,10,60,null,null,100,null,"нет","Латыпова Лилия Захраповна"]
[5,"Каюмов","Амир","Ильшатович","М","нет",10,10,45,null,null,100,null,"нет","Ахтямзянова Альфия Гилимулловна"]
[6,"Неверова","Ксения","Алексеевна","Ж","нет",10,10,42,null,null,100,null,"нет","Малова Ольга Николаевна"]
[7,"Ляпустин","Кирилл","Вадимович","М","нет",10,10,38,null,null,100,null,"нет","Кравченко Надежда Константиновна"]
[8,"Романов","Алексей","Евгеньевич","М","нет",10,10,31,null,null,100,null,"нет","Саушкина Наталья Владимировна"]
[9,"Минуллина","Камилла","Альбертовна","Ж","нет",10,10,29,null,null,100,null,"нет","Фомина Татьяна Георгиевна"]
[10,"Логинова","Екатерина","Сергеевна","Ж","нет",10,10,25,null,null,100,null,"нет","Капёрская Ольга Викторовна"]

{"sheet":"11 кл","index":3,"n_rows":15,"n_cols":15,"rows_kept":15,"merged":[[0,0,0,14]]}
["Протокол по итогам муниципального этапа ВсОШ по предмету \"Геология\" Нижнекамского муниципального района 2021-2022 учебный год"]
["№","Фамилия","Имя","Отчество","Пол","Участник с ОВЗ (да/нет)","Класс обучения","Класс участия","Балл","Добавлено баллов по итогам апелляции","Итоговый балл","Максимальный балл","Статус","Призёр республиканского этапа прошлого года","ФИО учителя"]
[1,"Опарин","Роман","Денисович","М","нет",11,11,76,null,null,100,null,"да","Латыпова Лилия Захраповна"]
[2,"Гизатуллина","Камилла","Раифовна","Ж","нет",11,11,58,null,null,100,null,"нет","Сагдиева Физуня Мустакимовна"]
[3,"Орехов","Максим","Михайлович","М","нет",11,11,52,null,null,100,null,"нет","Удалова Елена владимировна"]
[4,"Долгова","Мария","Павловна","Ж","нет",11,11,34,null,null,100,null,"нет","Фалахиева Ильмира Ризатдиновна"]
[5,"Гареева","Аделина","Айдаровна","Ж","нет",11,11,33,null,null,100,null,"нет","Сагдиева Физуня Мустакимовна"]
[6,"Файзулин","Вячеслав","Сергеевич","М","нет",11,11,29,null,null,100,null,"нет","Хайрутдинова Разиля Саяфовна"]
[7,"Петров","Максим","Алексеевич","М","нет",11,11,19,null,null,100,null,"нет","Деева Рамзия Ахметовна"]
[8,"Мухамедшина","Эльвина","Мансуровна","Ж","нет",11,11,18,null,null,100,null,"нет","Фомина Татьяна Георгиевна"]
[9,"Токарев","Юрий","Айратович","М","нет",11,11,18,null,null,100,null,"нет","Капёрская Ольга Викторовна"]
[10,"Шарифуллина","Чулпан","Самигулловна","Ж","нет",11,11,18,null,null,100,null,"нет","Фалахиева Ильмира Ризатдиновна"]
[11,"Музилеев","Данила","Анатольевич","М","нет",11,11,17,null,null,100,null,"нет","Бикмухаметова Нафиса Ильдаровна"]
[12,"Дементьев","Дмитрий","Евгеньевич","М","нет",11,11,12,null,null,100,null,"нет","Малова Ольга Николаевна"]
[13,"Тукеев","Кирилл","Евгеньевич","М","нет",11,11,10,null,null,100,null,"нет","Фахриева Гаухария Галимзяновна"]